000 00351nam a2200145Ia 4500
008 230917s9999||||xx |||||||||||||| ||und||
040 _e58809
_aMAIN
041 _aEnglish
082 _a823.09 K288S
100 _aKellman, Steven G
245 4 _aThe self- beggting novel
260 _aLondon
_bMacmillan
_c1980
300 _ax, 161 p.
942 _cBK
999 _c206360
_d206360